• 首页
  • 本馆介绍
  • 公告通知
  • 最新文献
  • 馆藏检索
  • 电子资源
  • 读者导购
  • 参考咨询
  • 我的图书馆
  • 登录
  • 详细信息显示
  • 放入我的书架
  • 预约/预借图书
  • 作者相关作品
  • 分类相关作品
  • 丛书相关作品
  • 出版社相关作品

书目信息

  • 表格格式
  • 工作单格式
  • 卡片格式
题名:
循环经济学原理
    
 
作者: 谭根林 著
分册:  
出版信息: 北京   经济科学出版社  2006
页数: 311
开本: 21cm
丛书名:
单 册:
中图分类: F062.1
科图分类:
主题词: 经济学--分支科学
电子资源:
ISBN: 7-5058-5517-4
000 00521nam0 2200181 450
001 0753815641
005 20070930145655.64
010    @a7-5058-5517-4@d¥28.00
100    @a20070930d km y0chiy0120 ea
101 0  @achi
200 1  @a循环经济学原理@Axun huan jing ji xue yuan li@f谭根林著@Ftan gen lin zhu
210    @a北京@c经济科学出版社@d2006
215    @a311@d21cm
606 0  @a经济学@x分支科学
690    @aF062.1@v3
701  0 @a谭根林@Atan gen lin@4著
801  0 @aCN@bPFT@c20070930
905    @a213230@dF062.1@eg146@f1
    
    循环经济学原理/谭根林著.-北京:经济科学出版社,2006
    311;21cm
    
    
    ISBN 7-5058-5517-4:¥28.00
    
●
相关链接 在E读中查询图书 在五车中查询图书 在当当中查询图书 在豆瓣中查询图书


正题名:循环经济学原理     索取号:F062.1/g146         预约/预借

序号 登录号 条形码 馆藏地/架位号 状态 备注
1 6504485   265044855   密集书库-海洋学院/ [索取号:F062.1/g146] 在馆    
唐山师范学院图书馆 欢迎您!
大连网信软件有限公司© 版权所有